Witamy w Bibliotece Naukowej Instytutu Łączności!

Hilfsbuch fuer Entstoerer / (Rekord nr 6860)

000 -LEADER
fixed length control field 00375 a2200097 4500
100 1# - MAIN ENTRY--PERSONAL NAME
Personal name Kabatt, Kurt.
Relator term Autor
245 0# - TITLE STATEMENT
Title Hilfsbuch fuer Entstoerer /
Statement of responsibility, etc Kabatt Kurt.
250 ## - EDITION STATEMENT
Edition statement 3.,erweiterte Aufl..
260 ## - PUBLICATION, DISTRIBUTION, ETC. (IMPRINT)
Place of publication, distribution, etc Bad Windsheim :
Name of publisher, distributor, etc Verlag fuer Wissenschaft und Leben/Georg Heidecker,
Date of publication, distribution, etc 1966.
300 ## - PHYSICAL DESCRIPTION
Extent XII,570 s.;
Dimensions 24 cm.
710 2# - ADDED ENTRY--CORPORATE NAME
Corporate name or jurisdiction name as entry element Verlag fuer Wissenschaft und Leben/Georg Heidecker.
Relator term Wydawca
Relator code pbl
Egzemplarze
Withdrawn status Lost status Source of classification or shelving scheme Damaged status Not for loan Permanent Location Current Location Shelving location Date acquired Cost, normal purchase price Inventory number Full call number Barcode Date last seen Price effective from Koha item type
          Instytut Łączności Instytut Łączności Magazyn 1969-05-05 0.00 24560 24560 24560 2022-09-28 2017-11-30 Książki

Działa dzięki Koha